Регионална библиотека "Любен Каравелов" - Русе

Възстановяване на българската държава 1185-1197 (Запис номер 207592)

MARC детайли
000 -Лидер
Контролно поле с фиксирана дължина 00984nam a2200265 c 4500
003 - Код на организацията, давaща контролен номер
Контролно поле BLK
005 - Дата и час на последна редакция
Контролно поле 20190803112002.0
008 - Елементи от данни с фиксирана дължина
fixed length control field 180411b bul|||||r ||||||| ||bul||
010 ## - Наследен системен номер
LC control number KNG00217359000
040 ## - Източник на каталожния запис
Идентификатор на билиотеката - собственик на записа BLK
041 ## - Код за език
Код за езика на текст/звукозапис или на отделно заглавие Български
Код за езика КДБФ Български
080 ## - УДК
Текстов определител УДК Втора българска държава(1185-1422)
УДК код - определител по УДК 94(497.2)"1185/1422"
УДК определител
УДК - код + определител 94(497.2)"1185/1422"
100 1# - Редна дума - Автор
Автор Петров, Петър Христов
Авторска отговорност първи автор
R(LIN) 365020
139 ## - Редно поле
Редна дума Петров, Петър Христов
Авторски знак Петро - П 47
245 10 - Сведения за заглавието
Заглавие Възстановяване на българската държава 1185-1197
Подзаглавни данни Моногр.
Редно поле (дума) Петър Христов Петров.
257 ## - Страна на издаване
Страна на създаване/издаване България
260 ## - Област на издателските данни
-- София
Име на издателя, разпространителя и проч. Наука и изкуство
Година на издаване 1985
300 ## - Физическа характеристика
Страници 390 с.
Размери/Мащаб 22 см
380 ## - Жанр
Жанр История
852 ## - Местоположение
Форматна сигнатура Цб 139886
856 4# - Електронен адрес и достъп
Електронен формат pdf - файл
Път до файла /url/
856 4# - Електронен адрес и достъп
Електронен формат pdf - файл
Път до файла /url/
942 ## - АРТИКУЛИ
Вид на библиотечния материал Книги
Скрит в OPAC Не
Koha issues (borrowed), all copies 1
944 ## - СЪЗДАВАНЕ И РЕДАКЦИЯ на ЗАПИСА
Създаване/Редакция Създаване
Дата на регистрацията/редакция 16.03.2018
Служител, извършил регистрацията/редакцията Христина_Везирева
944 ## - СЪЗДАВАНЕ И РЕДАКЦИЯ на ЗАПИСА
Създаване/Редакция Редакция
Дата на регистрацията/редакция 16.03.2018
Служител, извършил регистрацията/редакцията Христина_Везирева
999 ## - СИСТЕМНИ КОНТРОЛНИ НОМЕРА
Koha biblionumber 207592
Koha biblioitemnumber 207592
Наличности
Код за отписване Код за изгубен артикул Източник на класификационната схема Код за повреда Коз за рестрикции Код за отдаване Артикулен № Име на библиотеката - собственик Име на библиотеката, в която се намира в момента Статус (Текущо местоположение) Дата на вписване в системата Местоположение - отдел Цена в лева Инвентарен номер Систематично азбучна сигнатура Баркод Номер на екземпляра Цена в евро Служебна бележка Служебен тип на артикула
  Не е изгубен Universal Decimal Classification Не е повреден без рестрикции ползва се в читалня 358479 Регионална библиотека "Любен Каравелов" Русе Регионална библиотека "Любен Каравелов" Русе Хранилище 1985-01-01 Хранилище 4.48 443795 Цб 139886 120000443795 1 2.29 Дост: Dp Вид: Сф N: стар фонд Дата: 01.01.1985 Книги
  Не е изгубен Universal Decimal Classification Не е повреден без рестрикции заемане за дома 358480 Регионална библиотека "Любен Каравелов" Русе Регионална библиотека "Любен Каравелов" Русе Заемна - подръчен фонд 1985-01-01 Заемна - подръчен фонд 4.48 445677 П 949.72.03/П 47 120000445677 2 2.29 Дост: Pk Вид: Сф N: стар фонд Дата: 01.01.1985 Дата инв: 16.03.2018 Бележки инв: П2018 Книги
Изтеглен Не е изгубен Universal Decimal Classification Не е повреден без рестрикции заемане за дома 358481 Регионална библиотека "Любен Каравелов" Русе Регионална библиотека "Любен Каравелов" Русе Заемна - подръчен фонд 1985-01-01 Заемна - подръчен фонд 4.48 445678 П 949.72.03/П 47 445678 3 2.29 Дост: Pk Вид: Сф N: стар фонд Дата: 01.01.1985 Книги
Изтеглен Не е изгубен Universal Decimal Classification Не е повреден без рестрикции заемане за дома 358482 Регионална библиотека "Любен Каравелов" Русе Регионална библиотека "Любен Каравелов" Русе Заемна - подръчен фонд 1985-01-01 Заемна - подръчен фонд 4.48 541973 П 949.72.03/П 47 541973 4 2.29 Дост: Pk Вид: Сф N: стар фонд Дата: 01.01.1985 Книги
Vip Innovations Ltd, Rousse, Bulgaria 2025